000 00782nam a2200241Ia 4500
003 OSt
005 20220926010639.0
006 a|||||r|||| 00| 0
007 ta
008 220923b |||||||| |||| 00| 0 eng d
020 _a0333106408
_c2532.1500000000001
037 _b006/2012-13, 20/06/2012, PIONEER BOOK DISTRIBUTORS
_cGeneral Book
040 _aRTL
_cRTL
_beng
041 _2eng
_aeng
082 _aY15:88, P4
100 _aRosa Joseph
_9312688
245 0 _aGlamour
_b Fashion, industrial design, architecture
260 _aNew Haven
_bYale University Press
_c2004
300 _a185p.
_ccm.
650 _aSociology
942 _hY15:88, P4
_cGB
_2CC
999 _c617884
_d617884